000 00317nam a2200109Ia 4500
005 20251222144758.0
008 251222s9999||||xx |||||||||||||| ||spa||
082 _a362.585/I59
245 0 _aPerú, Política y Reducción de Pobreza
264 _bInstituto Nacional Demócrata para Asuntos Internacionales
942 _cLIB
999 _c19599
_d19599